Pražské interiéry.Prague interiors

Salvato in:
Dettagli Bibliografici
Autore principale: Sedláková, Radomíra, 1950- (Autore)
Natura: Libro
Pubblicazione: Praha : Slovart, 2001
Soggetti:
Tags: Aggiungi Tag
Nessun Tag, puoi essere il primo ad aggiungerne!!

MARC

LEADER 00000nam a22000003a 4500
001 stu78380
005 20150617225643.9
008 021220s2001----------------------------d
020 |a 8072093401 
040 |a STU  |b slo 
041 0
100 1 |a Sedláková, Radomíra,  |d 1950-  |4 aut  |u A0980  |U FA Dekanát  |T FA Externí pracovníci  |X 5060  |U A0980  |Y 552  |7 A000005060 
245 1 |a Pražské interiéry.Prague interiors 
260 |a Praha :  |b Slovart,  |c 2001 
300 |a 95 s 
650 7 |a interiér  |2 stusub 
996 |c A*3752  |l AA5150  |s P  |a 0  |w stu78380_0001 
996 |b 284AU03751  |c A*5634 U  |l AAKNAR  |s A  |a 24  |w stu78380_0002